| 000 | 00000nam##2200000za#4500 |
| 001 | 9.691759 |
| 003 | CaOODSP |
| 005 | 20241203113636 |
| 007 | cr ||||||||||| |
| 008 | 150407|2009||||xxc|||||o f|0| 0 eng|d |
| 020 | |a978-1-100-11715-7 |
| 040 | |aCaOODSP|beng |
| 043 | |an-cn--- |
| 086 | 1 |aEn4-105/2009E-PDF |
| 110 | 1 |aCanada. |bEnvironment Canada. |
| 245 | 14|aThe status of wild species in Canada : |h[electronic resource]|bSpecies at Risk Act, general status report 2003-2008 - overview document |
| 260 | |aOttawa - Ontario : |bEnvironment Canada |c[2009]. |
| 300 | |a16p.|bgraphs, tables, photographs |
| 590 | |a11-07-Supp|b2011-05-17 |
| 775 | 08|tLa situation des espèces sauvages au Canada : |w(CaOODSP)9.636070 |
| 856 | 40|ahttp://publications.gc.ca|qPDF|s1246 KB|uhttps://publications.gc.ca/collections/collection_2011/ec/En4-105-2009-eng.pdf |